00501 a2200169 450000100060000002000150000604000240002110000190004524000560006424500510012030000080017136200090017965000170018894200070020595201020021299900170031470818 a8574901970 cAnchieta - Itaigara aCosta, Messias10aA educação nas constituições do Brasillpor10aA educação nas constituições do Brasil a1360 a2002 4aEducação cBK 00104070a88.1b88.1d2023-11-21l0o370 COS EDUp4548/ITAr2023-11-21 20:05:57w2023-11-21yBK c70818d70818